000 00594nam a2200193 i 4500
005 20160210182553.0
008 160210b xxu||||| |||| 00| 0 spa d
020 _a0385483813
040 _aCO-BoIAVH
_cCO-BoIAVH
041 _aeng
082 0 4 _a658.406
_bS84i
100 1 _aStewart, Thomas
245 1 0 _aIntellectual capital :
_bthe new wealth of organizations /
_cThomas A. Stewart.
260 _aNew York :
_bCurrency Doubleday,
_c1997.
300 _a280 páginas
650 1 4 _aAptitud creadora en los negocios
650 2 4 _aCapítal humanno.
942 _cLIBRO
_2ddc
999 _c5584
_d5584